[Event "Club Championship 2022 Swiss"]
[Site "Wellington Chess Club"]
[Date "2022.11.17"]
[Round "8.2"]
[White "Loke, Kayden"]
[Black "Henrys, Francis"]
[Result "1-0"]
[WhiteElo "1974"]
[BlackElo "1500"]

1. e4 c5 2. Nf3 Nc6 3. c3 e6 4. d4 d5 5. exd5 exd5 6. Bb5 Bg4 7. h3 Bh5 8. O-O
Qf6 9. Qe1+ Ne7 10. Bg5 Qg6 11. Bxe7 Bxe7 12. Ne5 Qd6 13. f4 f6 14. Nd3 c4 15.
Nc5 b6 16. Qe6 Qxe6 17. Nxe6 Kd7 18. Nxg7 Rhg8 19. Nxh5 Rg6 20. Kh2 Rag8 21.
Rg1 Kc7 22. Bxc6 Kxc6 23. Nd2 Bd6 24. Raf1 f5 25. Nf3 a5 26. Ne5+ Bxe5 27. fxe5
Rg5 28. Nf6 Rf8 1-0

[Event "Club Championship 2022 Swiss"]
[Site "Wellington Chess Club"]
[Date "2022.11.17"]
[Round "8.3"]
[White "Saglam, Yigit"]
[Black "Symon, Chris"]
[Result "1/2-1/2"]
[WhiteElo "1500"]
[BlackElo "1863"]

1. Nf3 c5 2. c4 Nc6 3. Nc3 d6 4. e3 g6 5. d4 cxd4 6. exd4 Bg7 7. Be2 Bg4 8. Be3
Nf6 9. O-O O-O 10. h3 Bd7 11. a3 e6 12. b4 Rc8 13. Qd2 Re8 14. Rac1 a6 15. Ng5
Ne7 16. Bf3 d5 17. cxd5 exd5 18. h4 h6 19. Nh3 Bxh3 20. gxh3 Nf5 21. Bg2 Kh7
22. h5 Nxh5 23. Nxd5 Rxc1 24. Rxc1 Nh4 25. Bh1 Qd7 26. Kh2 Bf8 27. Bf4 Bd6 28.
Bg3 Nf5 29. Rc3 Rc8 30. Nb6 Qb5 31. Nxc8 Nhxg3 32. fxg3 Bb8 33. Be4 h5 34. Bxf5
Qxf5 35. d5 Be5 36. Rc2 h4 37. d6 1/2-1/2

[Event "Club Championship 2022 Swiss"]
[Site "Wellington Chess Club"]
[Date "2022.11.17"]
[Round "8.4"]
[White "Webster, Jamie"]
[Black "Ashe, Michael"]
[Result "1/2-1/2"]
[WhiteElo "1702"]
[BlackElo "1680"]

1. e4 c6 2. Nf3 d5 3. Nc3 Bg4 4. h3 Bxf3 5. Qxf3 e6 6. Be2 d4 7. Nd1 e5 8. c3
c5 9. Bc4 Nf6 10. g4 h6 11. g5 hxg5 12. d3 g4 13. hxg4 Rxh1+ 14. Qxh1 Nxg4 15.
Bxf7+ Kxf7 16. Qh5+ Kg8 17. Qxg4 Qd7 18. Qxd7 Nxd7 19. Bg5 Kf7 20. b3 Be7 21.
Bd2 Rh8 22. Ke2 Rh1 23. Rc1 Bh4 24. cxd4 exd4 25. b4 b6 26. bxc5 bxc5 27. Rc4
Rh2 28. Bf4 Rg2 29. Kf1 Rg6 30. Ra4 a6 31. Rc4 Rf6 32. Bd2 g5 33. Ke2 Ke7 34.
Ba5 Kd6 35. Rc2 Rf8 36. Be1 Ne5 37. Nb2 g4 38. Nc4+ Nxc4 39. Rxc4 Kc6 40. Rc2
Kb5 41. Rc4 Kc6 42. Rc2 1/2-1/2

[Event "Club Championship 2022 Swiss"]
[Site "Wellington Chess Club"]
[Date "2022.11.17"]
[Round "8.5"]
[White "Lawrence, Hugo"]
[Black "Katkodia, Ali"]
[Result "0-1"]
[WhiteElo "1629"]
[BlackElo "1500"]

1. e4 d6 2. d4 Nf6 3. Nc3 g6 4. Nf3 Bg7 5. Be2 c6 6. O-O O-O 7. Bg5 b5 8. e5
dxe5 9. dxe5 Nfd7 10. e6 fxe6 11. Qd3 Nf6 12. Qe3 Qc7 13. Rad1 b4 14. Na4 Nd5
15. Qe4 e5 16. Nc5 Bf5 17. Qh4 Bf6 18. g4 Bd7 19. Bc4 Qa5 20. Ne4 Be6 21. Nxf6+
exf6 22. Bxd5 Bxd5 23. Bh6 Rf7 24. Nd2 Nd7 25. Nb3 Qxa2 26. g5 f5 27. Qxb4 Qxb2
28. Rd2 Rb8 29. Qa5 Rb5 30. Qd8+ Nf8 31. Rxd5 Rxd5 32. Qc8 Qxc2 33. Ra1 Rd1+
34. Kg2 Qe4+ 35. f3 Qc2+ 36. Kh3 Qxb3 37. Qxc6 Rd6 38. Qa8 Rd3 39. Rf1 e4 40.
Kg3 Rxf3+ 41. Rxf3 Qxf3+ 0-1

[Event "Club Championship 2022 Swiss"]
[Site "Wellington Chess Club"]
[Date "2022.11.17"]
[Round "8.6"]
[White "Hall, Nathan"]
[Black "Malcolm, Aidan"]
[Result "1-0"]
[WhiteElo "1950"]
[BlackElo "1780"]

1. d4 f5 2. Bf4 Nf6 3. Nf3 e6 4. h3 b6 5. e3 Bb7 6. Nbd2 Be7 7. c3 d6 8. Qb3
Qc8 9. O-O-O a6 10. Rg1 Nc6 11. g4 Na5 12. Qc2 g6 13. Bd3 Qd7 14. Rde1 c5 15.
gxf5 exf5 16. e4 fxe4 17. Nxe4 O-O-O 18. b4 c4 19. Nxf6 Bxf6 20. bxa5 cxd3 21.
Qxd3 Qa4 22. Re2 Qxa5 23. Rge1 Qd5 24. Nd2 Kb8 25. Nc4 b5 26. Ne3 Qf3 27. Bg3
Bg5 28. h4 Bh6 29. Kb2 Rhe8 30. Qc2 Be4 31. Qb3 Bd3 32. Rd2 Bf5 33. c4 Be6 34.
Qa3 Qb7 35. Bxd6+ Ka8 36. c5 Bg7 37. Qb4 Bf7 38. Ree2 Qf3 39. Qa5 Qb7 40. Nc2
Rxe2 41. Rxe2 Re8 42. Rxe8+ Bxe8 43. Qd8+ 1-0

[Event "Club Championship 2022 Swiss"]
[Site "Wellington Chess Club"]
[Date "2022.11.17"]
[Round "8.7"]
[White "Lyall, Gordon"]
[Black "Keith, Matthew"]
[Result "1/2-1/2"]
[WhiteElo "1940"]
[BlackElo "1500"]

1. d4 Nf6 2. c4 g6 3. g3 Bg7 4. Bg2 d6 5. Nf3 O-O 6. O-O c5 7. Nc3 Nc6 8. d5
Ne5 9. Nxe5 dxe5 10. h3 Ne8 11. e4 Nd6 12. Qe2 b6 13. a4 a5 14. f4 Bd7 15. Kh2
h5 16. f5 h4 17. g4 e6 18. fxg6 fxg6 19. Rxf8+ Qxf8 20. Bg5 Bh6 21. Rf1 Bxg5
22. Rxf8+ Rxf8 23. b3 Bf4+ 24. Kg1 Bg3 25. dxe6 Bxe6 26. Nd5 Bxd5 27. exd5 Bf2+
28. Qxf2 Rxf2 29. Kxf2 Kg7 1/2-1/2

[Event "Club Championship 2022 Swiss"]
[Site "Wellington Chess Club"]
[Date "2022.11.17"]
[Round "8.8"]
[White "Brockway, Andrew"]
[Black "Lavender, Ariel"]
[Result "1/2-1/2"]
[WhiteElo "1684"]
[BlackElo "1485"]

1. e4 c5 2. Nc3 e6 3. f4 d5 4. Bb5+ Nc6 5. Bxc6+ bxc6 6. d3 c4 7. d4 c5 8. Nf3
Nf6 9. e5 Ne4 10. O-O cxd4 11. Nxd4 Bc5 12. Kh1 Qh4 13. Nxe4 dxe4 14. g3 Qh3
15. Be3 Bb7 16. c3 O-O 17. Qe2 h5 18. Rg1 Bxd4 19. cxd4 h4 20. Qg2 Qxg2+ 21.
Kxg2 hxg3 22. hxg3 Rac8 23. Rac1 Bd5 24. Rc2 Rc6 25. Kf1 Rfc8 26. Bd2 Ra6 27.
a3 Rb6 28. Bc3 Rcb8 29. Ke2 a5 1/2-1/2

[Event "Club Championship 2022 Swiss"]
[Site "Wellington Chess Club"]
[Date "2022.11.17"]
[Round "8.9"]
[White "Ulm, Joy"]
[Black "McConnell, Jack"]
[Result "1-0"]
[WhiteElo "1500"]
[BlackElo "1410"]

1. d4 Nf6 2. c4 c5 3. d5 b5 4. cxb5 a6 5. e3 Bb7 6. Nc3 Qa5 7. Bd2 Qb6 8. e4
axb5 9. Bxb5 Nxe4 10. Nge2 Nf6 11. Qb3 g6 12. O-O Bg7 13. Bf4 O-O 14. Rfd1 d6
15. a4 Ng4 16. Bg3 Be5 17. Qc4 Bxg3 18. Nxg3 Ne5 19. Qe2 Ba6 20. Bxa6 Nxa6 21.
Nb5 Nb4 22. Kh1 Rfe8 23. f4 Nd7 24. Ne4 Qb7 25. Qd2 Nb6 26. Nexd6 exd6 27. Nxd6
Qxd5 28. Nxe8 Rxe8 29. Qc3 Nxa4 30. Qa3 Nc2 31. Qxa4 Nxa1 32. Qxe8+ 1-0

[Event "Club Championship 2022 Swiss"]
[Site "Wellington Chess Club"]
[Date "2022.11.17"]
[Round "8.10"]
[White "Hooper, John"]
[Black "Scott, Callum"]
[Result "0-1"]
[WhiteElo "1247"]
[BlackElo "1652"]

1. e4 e5 2. Nf3 Nc6 3. Bc4 Bc5 4. O-O Nf6 5. d3 h6 6. c3 a5 7. Re1 Ng4 8. d4
Ba7 9. h3 h5 10. Ng5 Qf6 11. hxg4 hxg4 12. Bxf7+ Kf8 13. Qxg4 d6 14. Qg3 exd4
15. Nd2 dxc3 16. e5 Bxf2+ 17. Qxf2 Rh1+ 18. Kxh1 Qxf2 19. Rf1 Qh4+ 20. Nh3 Bxh3
21. Be6+ Bf5+ 22. Kg1 Ke7 23. Nf3 Qg4 24. Nh2 Qd4+ 25. Rf2 Bxe6 26. Bg5+ Kd7
27. Nf3 Qc5 28. bxc3 Nxe5 29. Nxe5+ Qxe5 30. Bd2 Rh8 31. g3 Qxg3+ 32. Rg2 Qh4
33. Rxg7+ Kc6 34. Rf1 Qh2# 0-1

[Event "Club Championship 2022 Swiss"]
[Site "Wellington Chess Club"]
[Date "2022.11.17"]
[Round "8.11"]
[White "Farrington, Lawrence"]
[Black "Ulm, Eric"]
[Result "1/2-1/2"]
[WhiteElo "1600"]
[BlackElo "1500"]

1. e4 e6 2. d4 d5 3. Nc3 dxe4 4. Nxe4 Bd7 5. Nf3 Bc6 6. Bd3 Nd7 7. c3 Ngf6 8.
Qe2 Be7 9. O-O Nxe4 10. Bxe4 Bxe4 11. Qxe4 c6 12. Bf4 Nf6 13. Qc2 Nd5 14. Bg3
Bd6 15. Rad1 Bxg3 16. hxg3 Qf6 17. Rfe1 O-O 18. Ne5 Rfd8 19. Qe4 Qf5 20. Qxf5
exf5 21. Rd2 f6 22. Nd3 Re8 23. Rde2 Rxe2 24. Rxe2 Kf7 25. Nc5 Rb8 26. Kf1 b6
27. Nb3 Re8 28. a3 Rxe2 29. Kxe2 f4 30. Kf3 fxg3 31. Kxg3 g5 32. Nc1 h5 33. Nd3
h4+ 34. Kh3 Kg6 35. g3 hxg3 36. Kxg3 Kf5 37. f3 a5 1/2-1/2

[Event "Club Championship 2022 Swiss"]
[Site "Wellington Chess Club"]
[Date "2022.11.17"]
[Round "8.12"]
[White "Hupert, Leo"]
[Black "Carlyle, Mathieson"]
[Result "0-1"]
[WhiteElo "1385"]
[BlackElo "1532"]

1. e4 e6 2. d4 d5 3. exd5 exd5 4. Nc3 Nf6 5. h3 Bb4 6. Bd2 O-O 7. Nf3 Re8+ 8.
Ne2 c5 9. Bxb4 cxb4 10. Qd2 Nc6 11. Ne5 Qa5 12. f4 Ne4 13. Qe3 b3+ 14. c3 bxa2
15. Nc1 h5 16. Be2 h4 17. Rg1 Ne7 18. Bg4 Bxg4 19. hxg4 f6 20. Qh3 fxe5 21. Rh1
Ng3 22. Rh2 exf4 23. Qxh4 Ng6+ 24. Kd1 Nxh4 0-1

[Event "Club Championship 2022 Swiss"]
[Site "Wellington Chess Club"]
[Date "2022.11.17"]
[Round "8.13"]
[White "Asher, Bruce"]
[Black "Didar Ali, Azar"]
[Result "0-1"]
[WhiteElo "1056"]
[BlackElo "1500"]

1. e4 e5 2. Nf3 Nc6 3. Bb5 d6 4. Nc3 f5 5. d4 exd4 6. Qxd4 Bd7 7. Qe3 Nb4 8.
Bxd7+ Qxd7 9. Qe2 O-O-O 10. a3 Nc6 11. O-O Re8 12. Re1 fxe4 13. Ng5 h6 14.
Ngxe4 d5 15. f3 dxe4 16. Nxe4 Nf6 17. b4 Nxe4 18. fxe4 Qd4+ 19. Be3 Qxe4 20.
Rab1 Nd4 21. Qd2 Nxc2 22. Re2 Nxe3 23. Rbe1 Rd8 24. Qc3 Rd3 25. Rxe3 Rxe3 26.
Rxe3 Qb1+ 27. Re1 Qg6 28. Qh3+ Kb8 29. Rd1 Bd6 30. b5 Rf8 31. g3 Bc5+ 32. Kh1
Qc2 33. Re1 Qd2 34. Rf1 Qd5+ 0-1

[Event "Club Championship 2022 Swiss"]
[Site "Wellington Chess Club"]
[Date "2022.11.17"]
[Round "8.14"]
[White "Nazeer, Afique"]
[Black "Saglam, Azra"]
[Result "1-0"]
[WhiteElo "1500"]
[BlackElo "1500"]

1. d4 g6 2. c4 Bg7 3. Nc3 d6 4. Nf3 Bg4 5. h3 Bxf3 6. exf3 Nf6 7. Be3 a6 8. Be2
O-O 9. Qc2 Nfd7 10. Rd1 e5 11. dxe5 Bxe5 12. f4 Bf6 13. Ne4 b6 14. Bf3 Ra7 15.
b3 Qe7 16. Nxf6+ Nxf6 17. O-O c5 18. f5 Rd8 19. fxg6 fxg6 20. Bg5 Qg7 21. Qb2
1-0

[Event "Club Championship 2022 Swiss"]
[Site "Wellington Chess Club"]
[Date "2022.11.17"]
[Round "8.15"]
[White "Mavaram, Eashan"]
[Black "Thirkell, Zachary"]
[Result "0-1"]
[WhiteElo "1349"]
[BlackElo "1500"]

1. c4 e5 2. Nc3 Nc6 3. Nf3 Bc5 4. e4 a6 5. Nxe5 Nxe5 6. d4 Bxd4 7. Qxd4 Qf6 8.
Be3 Nc6 9. Qxf6 Nxf6 10. a3 d6 11. Nd5 Nxd5 12. exd5 Ne7 13. Bd3 Bd7 14. O-O
O-O 15. b4 b6 16. Be4 Bf5 17. Bf3 Ng6 18. c5 bxc5 19. bxc5 Ne5 20. cxd6 cxd6
21. Be2 Rfe8 22. Rfd1 Bg4 23. Bxg4 Nxg4 24. Bf4 Ne5 25. Bxe5 Rxe5 26. Rac1 Kf8
27. Rc6 Ke7 28. Rc7+ Ke8 29. Rcc1 Kd7 30. Kf1 a5 31. f4 Re4 32. g3 Re3 33. Ra1
a4 34. Kf2 Rb3 35. Rd4 Rb2+ 36. Kg1 Ra5 37. Rb4 Rb5 38. Rxa4 Rxd5 39. Ra7+ Ke6
40. a4 Rdd2 41. Re1+ Kf6 42. a5 Rg2+ 43. Kh1 Rxh2+ 44. Kg1 Rhg2+ 45. Kh1 Rxg3
46. a6 Rb8 47. Rb7 Rxb7 48. axb7 Rb3 49. Rd1 Ke7 50. Re1+ Kd7 51. Rg1 g6 52.
Rg4 Rxb7 53. Rh4 h5 54. f5 Ke7 55. fxg6 fxg6 56. Re4+ Kf6 57. Rd4 Rd7 58. Kg2
d5 59. Kf3 Ke5 60. Ke3 Ra7 61. Rd3 d4+ 62. Kf3 Rf7+ 63. Kg3 Ke4 64. Rd1 d3 65.
Re1+ Kd4 66. Re6 Rf5 67. Rxg6 d2 68. Rd6+ Rd5 69. Rxd5+ Kxd5 70. Kf2 d1=Q 71.
Kg3 Ke4 72. Kf2 Qf3+ 73. Ke1 Qg2 74. Kd1 Kd3 0-1

[Event "Club Championship 2022 Swiss"]
[Site "Wellington Chess Club"]
[Date "2022.11.17"]
[Round "8.16"]
[White "He, Jacob"]
[Black "Wang, Justin"]
[Result "0-1"]
[WhiteElo "1500"]
[BlackElo "1500"]

1. e4 c5 2. Nc3 d6 3. g3 Nc6 4. Bg2 g6 5. Nge2 Nf6 6. O-O Bg7 7. d3 O-O 8. Nd5
Be6 9. Nxf6+ Bxf6 10. Bh6 Bxb2 11. Bxf8 Bxa1 12. Qxa1 Qxf8 13. Rb1 Qg7 14. Rb2
Nb4 15. Rb1 Nxc2 16. Qxg7+ Kxg7 17. Rxb7 Bxa2 18. Rb2 Nb4 19. Nc1 Be6 20. Bf1
a5 21. Na2 Nxa2 22. Rxa2 Bxa2 23. Bg2 e6 24. e5 Bd5 25. Bxd5 exd5 26. exd6 Rd8
0-1

[Event "Club Championship 2022 A grade"]
[Site "Wellington Chess Club"]
[Date "2022.11.24"]
[Round "9.1"]
[White "Ker, Anthony"]
[Black "Tanoi, T Edward"]
[Result "1-0"]
[WhiteElo "2428"]
[BlackElo "1984"]

1. e4 c5 2. Nc3 Nc6 3. f4 g6 4. Nf3 Bg7 5. Bb5 Nd4 6. O-O Nxb5 7. Nxb5 d6 8. d3
Bd7 9. Nc3 e6 10. Qe1 Ne7 11. Be3 Qc7 12. Qh4 Bc6 13. Rae1 b6 14. d4 O-O-O 15.
Qf2 f6 16. a4 Qb7 17. a5 Bxe4 18. Nxe4 Qxe4 19. axb6 axb6 20. dxc5 Nd5 21. cxb6
Nxe3 22. Rxe3 Qd5 23. Rc3+ Kb8 24. Rc7 1-0

[Event "Club Championship 2022 A grade"]
[Site "Wellington Chess Club"]
[Date "2022.11.24"]
[Round "9.4"]
[White "Van der Hoorn, Thomas"]
[Black "Croad, Nic"]
[Result "0-1"]
[WhiteElo "2056"]
[BlackElo "2439"]

1. e4 c5 2. Nf3 d6 3. d4 cxd4 4. Nxd4 Nf6 5. Nc3 a6 6. Bc4 e6 7. Bb3 b5 8. Qe2
Be7 9. f3 O-O 10. Be3 b4 11. Na4 Qa5 12. c3 e5 13. Nc2 bxc3 14. Bb6 Qb5 15.
Qxb5 axb5 16. Nxc3 Na6 17. Nd5 Bd8 18. Nxf6+ gxf6 19. Bd5 Bxb6 20. Bxa8 Be6 21.
Bd5 Bxd5 22. exd5 Rc8 23. Kd2 Ba5+ 24. Kd3 Nc5+ 25. Ke3 Na4 26. Rac1 Nxb2 27.
Na3 Bb6+ 28. Ke2 Ra8 29. Nxb5 Bc5 30. Nc3 f5 31. Rc2 Nc4 32. Nb5 Nb6 33. Rd1
Ra5 34. Nc3 Bd4 35. f4 Bxc3 36. Rxc3 Nxd5 37. Rc8+ Kg7 38. fxe5 dxe5 39. Rc2 f4
40. Rcd2 Nc3+ 41. Ke1 Nxd1 42. Kxd1 Kf6 43. Kc1 e4 44. Kb2 e3 45. Rc2 Ke5 46.
Kb3 Ke4 47. Kb4 Rd5 48. a4 f3 49. gxf3+ Kxf3 50. a5 e2 51. Rc1 Rd1 52. Rc3+ Ke4
0-1

[Event "Club Championship 2022 A grade"]
[Site "Wellington Chess Club"]
[Date "2022.11.24"]
[Round "9.5"]
[White "Dive, Russell"]
[Black "Pomeroy, Arthur"]
[Result "1-0"]
[WhiteElo "2384"]
[BlackElo "2022"]

1. Nf3 g6 2. c4 Bg7 3. Nc3 d6 4. g3 Nc6 5. Bg2 e5 6. Rb1 a5 7. a3 Nge7 8. b4
axb4 9. axb4 Bf5 10. d3 Qd7 11. h4 Bg4 12. b5 Nd8 13. Bd2 O-O 14. Qc1 Re8 15.
Bh6 Bh8 16. h5 gxh5 17. Nd5 Ne6 18. Nh4 Nf8 19. Qg5+ Neg6 20. Nf6+ Bxf6 21.
Qxf6 Ne6 22. f3 Qd8 23. Qxd8 Nxd8 24. fxg4 hxg4 25. Nf5 Ra2 26. b6 1-0

[Event "Club Championship 2022 B Grade"]
[Site "Wellington Chess Club"]
[Date "2022.11.24"]
[Round "9.1"]
[White "Benitez, Edgar"]
[Black "Perrin, Brent"]
[Result "0-1"]
[WhiteElo "1952"]
[BlackElo "1963"]

1. d4 e6 2. Bf4 f5 3. c4 Nf6 4. Nc3 Bd6 5. Bxd6 cxd6 6. Nf3 b6 7. e3 Bb7 8. Be2
d5 9. Qa4 dxc4 10. Bxc4 O-O 11. Be2 Nc6 12. Rd1 Ne7 13. O-O Ng6 14. g3 Ne4 15.
d5 Nxc3 16. bxc3 Bxd5 17. c4 Bc6 18. Qa3 e5 19. Rd6 f4 20. exf4 exf4 21. Nd4
Qe7 22. Bf3 Bxf3 23. Nxf3 Rf6 24. c5 bxc5 25. Rxf6 gxf6 26. Qd3 Rd8 27. Re1 Qf7
28. Qd6 fxg3 29. hxg3 Qf8 30. Qd5+ Kg7 31. Qb7 Qd6 32. Qxa7 Qd5 33. Re3 Ra8 34.
Qc7 Rxa2 35. Qc8 Ra1+ 36. Kg2 Ne5 37. Qe8 Ra8 38. Qe7+ Kg6 39. Rxe5 fxe5 40.
Qg5+ Kf7 41. Qf5+ Kg7 42. Qg5+ Kf8 43. Qf6+ Ke8 44. Qh8+ Ke7 45. Qxh7+ Kd6 46.
Qg6+ Kc7 47. Qf5 c4 48. g4 Ra5 49. Kg3 e4 50. Qf4+ Qd6 51. Qxd6+ Kxd6 52. Nd2
Kd5 53. Kf4 c3 54. Nf1 Kd4 55. Ne3 Ra2 56. g5 Rxf2+ 0-1

[Event "Club Championship 2022 B Grade"]
[Site "Wellington Chess Club"]
[Date "2022.11.24"]
[Round "9.2"]
[White "Chen, Wei Kai"]
[Black "Malcolm, Leo"]
[Result "0-1"]
[WhiteElo "1966"]
[BlackElo "1871"]

1. e4 e5 2. Nf3 d5 3. exd5 e4 4. Qe2 Nf6 5. Nc3 Be7 6. Nxe4 Nxd5 7. d3 Bg4 8.
Bd2 Nc6 9. O-O-O Nd4 10. Qe1 Nxf3 11. gxf3 Bxf3 12. Rg1 Bxd1 13. Qxd1 Bf6 14.
Qh5 g6 15. Qxd5 Bxb2+ {White hallucinated, and resigned} 0-1

[Event "Club Championship 2022 B Grade"]
[Site "Wellington Chess Club"]
[Date "2022.11.24"]
[Round "9.4"]
[White "Jackson, Ross"]
[Black "Young, Cohen"]
[Result "1/2-1/2"]
[WhiteElo "1904"]
[BlackElo "1931"]

1. d4 Nf6 2. c4 e6 3. Nf3 d5 4. cxd5 exd5 5. Nc3 c6 6. Bg5 h6 7. Bh4 g5 8. Bg3
Qa5 9. a3 Ne4 10. Qc1 Bf5 11. Be5 f6 12. Bxb8 Rxb8 13. Nd2 Nxc3 14. bxc3 Bd6
15. e3 c5 16. Nb3 Qb6 17. Nxc5 Bxc5 18. dxc5 Qxc5 19. Qb2 Kf7 20. Be2 Rhc8 21.
Rc1 Rc6 22. O-O Rb6 23. Qa2 Kg7 24. Rfd1 Rd8 25. Rd4 Be6 26. a4 Rc6 27. g3 Qa5
28. Qa3 Rdc8 29. Qe7+ Bf7 30. Qxb7 Rxc3 31. Rxc3 Rxc3 32. Qb4 1/2-1/2

[Event "Club Championship 2022 B Grade"]
[Site "Wellington Chess Club"]
[Date "2022.11.24"]
[Round "9.5"]
[White "Rossiter, Philip"]
[Black "Aldridge, Alan"]
[Result "0-1"]
[WhiteElo "1839"]
[BlackElo "1806"]

1. c4 e5 2. Nc3 Bb4 3. g3 Nf6 4. Bg2 O-O 5. Nf3 Re8 6. O-O a5 7. Nd5 Bc5 8. d4
Nxd5 9. cxd5 exd4 10. Nxd4 Qf6 11. e3 d6 12. Bd2 Bxd4 13. exd4 Bd7 14. Qc2 Na6
15. Rac1 Bf5 16. Qb3 b6 17. a3 Qxd4 18. Bc3 Nc5 19. Qa2 Qa4 20. Bd2 Nb3 21.
Rcd1 Bc2 22. Bf3 Qc4 23. Be3 Bxd1 24. Rxd1 a4 25. Qb1 Re7 26. Rd3 Rae8 27. Rc3
Qb5 28. Qc2 Nc5 29. Be2 Qd7 30. Rc4 Re5 31. Bg4 Qe7 32. Bf3 Qd7 33. Kg2 Rxe3
34. fxe3 Rxe3 35. Bg4 Qe8 36. Rf4 g6 37. Qd2 Rd3 0-1

[Event "Club Championship 2022 Swiss"]
[Site "Wellington Chess Club"]
[Date "2022.11.24"]
[Round "9.1"]
[White "Sole, Michael"]
[Black "Loke, Kayden"]
[Result "0-1"]
[WhiteElo "2149"]
[BlackElo "1974"]

1. e4 e5 2. Nf3 Nf6 3. d4 Nxe4 4. Bd3 d5 5. Nxe5 Bd6 6. O-O O-O 7. c4 c6 8. Nc3
Nxc3 9. bxc3 Bxe5 10. dxe5 Be6 11. Qh5 g6 12. Qh6 f5 13. cxd5 cxd5 14. Rb1 Rf7
15. Ba3 Nc6 16. Bd6 b6 17. f4 Ne7 18. Ba6 Qf8 19. Qg5 Qg7 20. h4 h6 21. Qg3 Kh7
22. Rfd1 Rd8 23. a4 Nc6 24. Be2 Na5 25. Bb4 Nc6 26. Ba3 Na5 27. c4 Rfd7 28. c5
Rb7 29. Bb5 bxc5 30. Bxc5 Rdb8 31. Bd6 Rg8 32. Bb4 Nc4 33. Bc6 Rb6 34. Bxd5
Bxd5 35. Rxd5 Rb7 36. a5 Rd7 37. Qd3 Rxd5 38. Qxd5 Ne3 39. Qc5 Ng4 40. Rd1 Qf7
41. g3 Qb3 42. Rc1 $4 Qxg3+ 43. Kf1 Qxf4+ 44. Kg1 Qh2+ 45. Kf1 Qh1+ 46. Ke2
Qe4+ 47. Kf1 Rg7 48. Re1 Qf3+ 49. Kg1 Rd7 50. e6 Qg3+ 51. Kf1 Nh2+ 52. Ke2 Qf3#
0-1

[Event "Club Championship 2022 Swiss"]
[Site "Wellington Chess Club"]
[Date "2022.11.24"]
[Round "9.2"]
[White "Katkodia, Ali"]
[Black "Enegbuma, Wallace"]
[Result "1/2-1/2"]
[WhiteElo "1500"]
[BlackElo "1841"]

1. e4 c5 2. Nf3 Nc6 3. d4 cxd4 4. Nxd4 d6 5. Nc3 Nf6 6. Bg5 e6 7. Qd2 Be7 8. f3
h6 9. Be3 a6 10. g4 Qc7 11. O-O-O b5 12. Bg2 Bb7 13. h4 Nd7 14. f4 Nxd4 15.
Bxd4 Rg8 16. g5 hxg5 17. hxg5 O-O-O 18. Rh7 Bf8 19. Qf2 Qa5 20. Kb1 b4 21. Ne2
Nc5 22. Ng3 d5 23. Qe2 Nxe4 24. Nxe4 dxe4 25. Bxe4 Bxe4 26. Qxe4 Qd5 27. Qxd5
Rxd5 28. c3 Bc5 29. Rh3 Bxd4 30. Rxd4 Rxd4 31. cxd4 Rd8 32. Rd3 Kc7 33. a4 bxa3
34. bxa3 Kc6 35. Kc2 Kd5 36. Rb3 Rc8+ 37. Kd3 Rc4 38. Rb4 Rc7 39. Ra4 Rc6 40.
Ra5+ Kd6 41. Ke4 Kc7 42. f5 Kb6 43. Re5 Kc7 44. fxe6 fxe6 45. d5 exd5+ 46. Kxd5
Rd6+ 47. Ke4 Kd7 48. Kf5 g6+ 49. Ke4 1/2-1/2

[Event "Club Championship 2022 Swiss"]
[Site "Wellington Chess Club"]
[Date "2022.11.24"]
[Round "9.3"]
[White "Ashe, Michael"]
[Black "Symon, Chris"]
[Result "1/2-1/2"]
[WhiteElo "1680"]
[BlackElo "1863"]

1. d4 d5 2. c4 c6 3. e3 g6 4. Nc3 Bg7 5. Nf3 Nf6 6. Bd3 O-O 7. h3 Nbd7 8. O-O
Qc7 9. Bd2 e5 10. cxd5 Nxd5 11. Nxd5 cxd5 12. Rc1 Qb6 13. dxe5 Nxe5 14. Nxe5
Bxe5 15. b3 Be6 16. Bc3 d4 17. Bxd4 Bxd4 18. exd4 Rad8 19. Qe2 Qxd4 20. Bc4 Bc8
21. Rfd1 Qf6 22. Rxd8 Rxd8 23. Rd1 Rf8 24. Rd3 a6 25. a4 Qg5 26. Rg3 Qf6 27.
Rf3 Qc6 28. Qe7 Be6 29. Bxe6 Qxe6 30. Qxe6 fxe6 31. Rxf8+ Kxf8 32. Kf1 Ke7 33.
Ke2 Kd6 34. Kd3 Kc5 35. Kc3 a5 36. g4 h6 37. h4 e5 38. f3 b6 39. Kd3 Kd5 40.
Ke3 g5 41. hxg5 hxg5 42. Kd3 Kd6 43. Kc4 Kc6 44. Kd3 1/2-1/2

[Event "Club Championship 2022 Swiss"]
[Site "Wellington Chess Club"]
[Date "2022.11.24"]
[Round "9.4"]
[White "Henrys, Francis"]
[Black "Webster, Jamie"]
[Result "0-1"]
[WhiteElo "1500"]
[BlackElo "1702"]

1. e4 e5 2. Nf3 Nc6 3. Bb5 a6 4. Bxc6 dxc6 5. Nc3 Bd6 6. d4 exd4 7. Qxd4 f6 8.
Be3 Qe7 9. O-O-O Bd7 10. Nd2 Be5 11. Qd3 O-O-O 12. f4 Bg4 13. Qc4 Bxc3 14. Bc5
Qe8 15. Qxc3 Bxd1 16. Rxd1 Ne7 17. f5 Kb8 18. Qb4 Nc8 19. g4 Qe5 20. h3 Rd7 21.
Re1 Rhd8 22. Nc4 Qf4+ 23. Be3 Qf3 24. b3 Rd1+ 25. Rxd1 Rxd1+ 26. Kb2 Qxe4 27.
Qf8 Qe7 28. Qg8 h6 29. Bf4 Rd8 30. Qh7 Qd7 31. Be3 Nd6 32. Nd2 Nb5 33. Nf3 Qe7
34. Bd2 Qa3+ 35. Ka1 Nc3 0-1

[Event "Club Championship 2022 Swiss"]
[Site "Wellington Chess Club"]
[Date "2022.11.24"]
[Round "9.5"]
[White "Saglam, Yigit"]
[Black "Lyall, Gordon"]
[Result "1/2-1/2"]
[WhiteElo "1500"]
[BlackElo "1940"]

1. Nf3 Nf6 2. d4 d5 3. c4 e6 4. Nc3 Be7 5. e3 O-O 6. Bd3 dxc4 7. Bxc4 b6 8. O-O
Bb7 9. a3 Nbd7 10. d5 exd5 11. Nxd5 Nxd5 12. Bxd5 c6 13. Ba2 Qc7 14. Bd2 Bf6
15. Qc2 Ne5 16. Bc3 Nxf3+ 17. gxf3 Bxc3 18. Qxc3 c5 19. e4 Qf4 20. Qe3 Qe5 21.
Qc3 Qxc3 22. bxc3 Ba6 23. Bd5 Bxf1 24. Kxf1 Rad8 25. c4 g6 26. a4 Kg7 27. a5 g5
28. axb6 axb6 29. h3 Rd7 30. Ra6 Rb8 31. Ke2 Kf6 32. Ke3 Ke5 33. h4 f6 34. h5
h6 35. Ra1 Rd6 36. Ra7 Rxd5 37. exd5 b5 38. Re7+ Kf5 39. cxb5 Rxb5 40. Kd3 Rb4
41. Re4 Rb3+ 42. Ke2 Rb4 43. Kd3 Rb3+ 44. Ke2 Rb2+ 45. Ke3 1/2-1/2

[Event "Club Championship 2022 Swiss"]
[Site "Wellington Chess Club"]
[Date "2022.11.24"]
[Round "9.6"]
[White "Keith, Matthew"]
[Black "Brockway, Andrew"]
[Result "1-0"]
[WhiteElo "1500"]
[BlackElo "1684"]

1. e4 e5 2. Nf3 Nc6 3. Bb5 Nf6 4. d3 d6 5. O-O Bd7 6. a4 Be7 7. Nbd2 O-O 8. Qe2
Re8 9. c3 Bf8 10. Bc4 Be6 11. Bxe6 fxe6 12. Nc4 Ne7 13. Rd1 Ng6 14. d4 Qe7 15.
dxe5 Nxe4 16. Qxe4 d5 17. Qe2 dxc4 18. Qxc4 h6 19. Qe4 Qf7 20. Be3 c6 21. Rd3
Qf5 22. Qxf5 exf5 23. Rd7 f4 24. Bd2 Nxe5 25. Nxe5 Rxe5 26. Bxf4 Re2 27. Rd2
Rae8 28. Kf1 Rxd2 29. Bxd2 Bc5 30. b4 Bf8 31. Be3 a6 32. Rd1 Be7 33. Rd7 Bf6
34. Rxb7 Bxc3 35. Rb6 Ra8 36. Bc5 a5 37. b5 cxb5 38. axb5 Rc8 39. Rc6 Rb8 40.
Bd6 Rd8 41. b6 Bb4 42. Bxb4 axb4 43. b7 b3 44. Rc8 1-0

[Event "Club Championship 2022 Swiss"]
[Site "Wellington Chess Club"]
[Date "2022.11.24"]
[Round "9.7"]
[White "Ulm, Joy"]
[Black "Lawrence, Hugo"]
[Result "1-0"]
[WhiteElo "1500"]
[BlackElo "1629"]

1. d4 Nf6 2. Bg5 e6 3. e3 d5 4. c4 Bb4+ 5. Nc3 dxc4 6. Bxc4 O-O 7. Nf3 a6 8.
Qc2 b5 9. Bd3 h6 10. Bh4 Bb7 11. O-O Bxf3 12. gxf3 Nbd7 13. Kh1 c5 14. a3 Ba5
15. dxc5 b4 16. Ne4 Rc8 17. Rad1 Qe7 18. Bxa6 Rc7 19. Rg1 g5 20. Nxg5 hxg5 21.
Rxg5+ Kh8 22. Rh5+ 1-0

[Event "Club Championship 2022 Swiss"]
[Site "Wellington Chess Club"]
[Date "2022.11.24"]
[Round "9.8"]
[White "Malcolm, Aidan"]
[Black "Didar Ali, Azar"]
[Result "1-0"]
[WhiteElo "1780"]
[BlackElo "1500"]

1. d4 d5 2. c4 Bf5 3. Nf3 e6 4. Nc3 Nf6 5. Bg5 Be7 6. Qb3 b6 7. Bxf6 Bxf6 8.
cxd5 O-O 9. e4 Bg4 10. e5 Be7 11. Be2 exd5 12. Nxd5 Be6 13. Nxe7+ Qxe7 14. Qc3
Nd7 15. O-O c5 16. Rfd1 cxd4 17. Rxd4 Rac8 18. Qe3 Qc5 19. Bd3 Rfd8 20. Rd1
Bxa2 21. Qe4 Nf8 22. Qh4 Rxd4 23. Qxd4 Qe7 24. h3 Rc5 25. b4 Rd5 26. Qc3 Rd8
27. Qd2 Bb3 28. Bxh7+ 1-0